Тест на общие знания №38 - Statistics

General Stats
  • This quiz has been taken 37 times
  • The average score is 10 of 20
Answer Stats
Вопрос Ответ % Correct
Лучше поздно, чем...? никогда
96%
Какой падеж у слов "яблоком", "временем" и "тропой"? творительный
92%
Сколько богатырей выходило из моря в стихотворении "Лукоморье"? 33
85%
Кто управляет комбайном? комбайнёр
77%
С какой частью Земли сравнивают много возомнившего о себе человека? пуп
73%
Какая река протекает через Лондон? Темза
65%
Какое вещество имеет формулу H₂SO₄? серная кислота
62%
Внутри чего растут горошины? стручок
58%
Как называется жилище волка? логово
54%
Чьими шлягерами являются "Born This Way", "Judas" и "Bad Romance"? Леди Гага
42%
Что означает приставка "Лох" в названиях Лох-Несс и Лох-Ломонд? озеро
42%
Годом какого животного по Восточному зодиаку был 1984-й год? крыса
35%
Телефон какой службы в России - 04 или 104? аварийная газовая служба
27%
За чем жена послала мужика из мультфильма "Падал прошлогодний снег"? ёлка
27%
Собакой какой породы является Джейк из мультсериала "Время приключений"? бульдог
27%
У какого главного героя мультфильмов Pixar самая длительная продолжительность жизни - более 700 лет? ВАЛЛ-И
23%
На какой известной картине изображены американский фермер с вилами и его дочь на фоне дома? "Американская готика"
19%
Как называлась родина Бильбо и Фродо Бэггинсов? Шир
19%
Какую страну хотел посетить главный герой фильма "Шоу Трумана"? Фиджи
15%
Как звали собаку Чарли Брауна? Снупи
12%
No matching quizzes found
Score Distribution
Percent of People with Each Score
Percentile by Number Answered
Your Score History
You have not taken this quiz